Psicología social / David G. Myers ; tr. Hugo Tejada T. ; rev.téc. Clemencia Ramírez, Fabián Arciniegas Vargas (Record no. 25119)
[ view plain ]
| 000 -CABECERA | |
|---|---|
| campo de control de longitud fija | 02557nam a22004097a 4500 |
| 008 - LONGITUD FIJA | |
| campo de control de longitud fija | 140202b ck ||||| |||| 00| 0 spa d |
| 020 ## - INTERNATIONAL STANDARD BOOK NUMBER | |
| ISBN | 958-41-0070-X |
| 100 1# - AUTOR PERSONAL | |
| nombre | Myers, David G. |
| 9 (RLIN) | 69806 |
| 245 10 - TÍTULO PROPIAMENTE DICHO | |
| título | Psicología social / David G. Myers ; tr. Hugo Tejada T. ; rev.téc. Clemencia Ramírez, Fabián Arciniegas Vargas |
| 250 ## - EDICIÓN | |
| edición | 6a. ed. |
| 264 ## - PIE DE IMPRENTA | |
| lugar (ciudad) | Santa Fe de Bogotá : McGraw-Hill, 2000 |
| 300 ## - DESCRIPCIÓN FÍSICA | |
| Extensión | 742 p. ; 27 cm. |
| 505 00 - NOTA DE CONTENIDO | |
| Nota de contenido | Prefacio -- Introducción a la psicología social -- Pensamiento social -- El yo en el mundo social -- |
| 505 00 - NOTA DE CONTENIDO | |
| Nota de contenido | Creencias y juicios sociales -- Comportamiento y actitudes -- Influencia social -- Genes, cultura y género -- |
| 505 00 - NOTA DE CONTENIDO | |
| Nota de contenido | Conformidad -- Persuación -- La influencia del grupo -- Relaciones sociales -- Prejuicio : el desagrado por |
| 505 00 - NOTA DE CONTENIDO | |
| Nota de contenido | los demás -- Agresión: Lastimar a los demás -- Atracción e intimidad : el agrado y el amor por los demás -- |
| 505 00 - NOTA DE CONTENIDO | |
| Nota de contenido | Altruismo : ayuda a los demás -- Conflicto y conciliación -- Psicología social aplicada -- La Psicología |
| 505 00 - NOTA DE CONTENIDO | |
| Nota de contenido | Social en la clínica -- La Psicología social en los tribunales -- Glosario -- Referencias -- Índices -- |
| 546 ## - NOTA DE IDIOMA | |
| nota | Social Psychology |
| 520 ## - RESUMEN | |
| Resumen | Esta sexta edición se desarrolla en tres partes ( pensamiento social, influencia social y relaciones |
| 520 ## - RESUMEN | |
| Resumen | sociales) alrededor de la definición de psicología social, es decir, el estudio científico de la forma en que |
| 520 ## - RESUMEN | |
| Resumen | las personas piensan, influyen y se relacionan entre sí. Cada sección contiene resúmenenes y definiciones de |
| 520 ## - RESUMEN | |
| Resumen | las palabras clave tanto en los márgenes del libro como en el glosario. Las aplicaciones de la Psicología |
| 520 ## - RESUMEN | |
| Resumen | social se hallan resaltadas en los módulos Psicología social en la clínica y Psicología social en los |
| 520 ## - RESUMEN | |
| Resumen | tribunales. Al igual que en las anteriores ediciones, el libro enmarca la psicología social dentro de la |
| 520 ## - RESUMEN | |
| Resumen | tradición actual de las artes liberales y hace énfasis en puntos de particular interés para la formación |
| 520 ## - RESUMEN | |
| Resumen | profesional de los estudiantes de psicología. |
| 590 ## - NOTA LOCAL (RLIN) | |
| Nota local | Clasificación anterior CG. 1.150 / M4-2000 |
| 700 1# - COAUTOR PERSONAL | |
| Nombre de persona | Tejada T., Hugo |
| Término indicativo de función/relación | tr. |
| 9 (RLIN) | 86044 |
| 700 1# - COAUTOR PERSONAL | |
| Nombre de persona | Ramírez, Clemencia |
| Término indicativo de función/relación | rev.téc. |
| 9 (RLIN) | 77228 |
| 700 1# - COAUTOR PERSONAL | |
| Nombre de persona | Arciniegas Vargas, Fabián |
| Término indicativo de función/relación | rev.téc. |
| 9 (RLIN) | 28071 |
| 082 04 - CLASIFICACIÓN DECIMAL DEWEY | |
| Clasificación | 302.1 / M996p |
| 650 14 - MATERIA GENERAL | |
| Término de materia o nombre geográfico como elemento inicial | Psicologia social |
| 9 (RLIN) | 129459 |
| 650 14 - MATERIA GENERAL | |
| Término de materia o nombre geográfico como elemento inicial | Psicologia de las masas |
| 9 (RLIN) | 129397 |
| 650 14 - MATERIA GENERAL | |
| Término de materia o nombre geográfico como elemento inicial | Psicologia de las minorias |
| 9 (RLIN) | 129398 |
| 650 14 - MATERIA GENERAL | |
| Término de materia o nombre geográfico como elemento inicial | Salud |
| 9 (RLIN) | 130891 |
No items available.